[Event "ISR-chT"]
[Site "Ramat Aviv"]
[Date "2000.03.17"]
[Round "6.5"]
[White "Bitensky, Igor"]
[Black "Vovsha, Eli"]
[Result "1/2-1/2"]
[WhiteElo "2322"]
[BlackElo "2346"]
[Annotator "Mueller,Karsten"]
[PlyCount "49"]
[EventDate "2000.01.14"]
[EventType "team"]
[EventRounds "11"]
[EventCountry "ISR"]
[SourceTitle "CBM 077"]
[Source "ChessBase"]
[SourceDate "2000.07.27"]
[SourceVersion "1"]
[SourceVersionDate "2000.07.27"]
[SourceQuality "1"]
[WhiteTeam "Tel Aviv Univ"]
[BlackTeam "Petah Tikva Hapoel"]
[WhiteTeamCountry "ISR"]
[BlackTeamCountry "ISR"]

1. e4 d5 2. exd5 Qxd5 3. Nc3 Qa5 4. d4 Nf6 5. Nf3 c6 6. Bc4 Bf5 7. Bd2 e6 8.
Qe2 Bb4 9. a3 Nbd7 10. O-O Bxc3 11. Bxc3 Qc7 12. Rad1 (12. Bb3 O-O 13. Rad1 a5
14. Ne5 (14. a4 Nd5 {1/2-1/2 Dimitrov,V-Prie,E/Elenite 1994/EXP 43 (14)}) 14...
b5 $132 {0-1 Nunn,J-Hodgson,J/NLD-chT 1995/EXT 95ch (38)}) (12. Rfc1 O-O 13.
Ne5 b5 14. Nxd7 Qxd7 15. Ba2 a5 16. Rd1 Rfb8 $132 {0-1 Lyrberg,P-Danielsen,H/
Copenhagen 1999/CBM 71 ext (38)}) 12... O-O 13. h3 Nd5 14. Be1 b5 (14... Nf4 $5
15. Qd2 Nb6 16. Bb3 Rad8 {kam auch in Betracht.}) 15. Bb3 Bg6 16. Ne5 Nxe5 17.
dxe5 Rfd8 18. f4 a5 19. g4 $5 {Weiß spielt konsequent gegen den
skandinavischen Läufer. Allerdings ist in der Folge große Genauigkeit nötig,
damit es keinen Gegenangriff gegen seinen entblößten König gibt.} Ne7 20. Rxd8+
Rxd8 21. Bf2 a4 22. Ba2 Qa5 $6 23. Bc5 Rd2 24. Qe1 $2 (24. Qe3 $1 Nd5 (24...
Rd7 $2 25. f5 Nxf5 (25... exf5 26. e6 $18) 26. gxf5 Bxf5 27. Rxf5 exf5 28. e6
$18) 25. Qe1 Nxf4 26. Rxf4 Rg2+ 27. Kf1 Qxe1+ 28. Kxe1 Rxc2 29. Be7 $14) 24...
Qd8 $1 25. f5 $2 (25. f5 $2 {vermutlich war Schwarz entgangen, daß ihm das
sehr starke} Nxf5 $1 {zur Verfügung steht:} 26. b4 (26. gxf5 $2 Qg5+ 27. Kh1
Qg2#) 26... Nd4 $19 {sonst hätte er wohl kein Remis vereinbart.}) (25. Bxe7 $2
Qd4+ 26. Rf2 (26. Kh1 $2 Be4+ $19) 26... Rd1 $19) (25. Qh4 $2 Be4 26. Bf2 Rd1
$19) (25. c4 $142 $15) 1/2-1/2

[Event "EU-ch 4th"]
[Site "Istanbul"]
[Date "2003.05.30"]
[Round "1"]
[White "Sakaev, Konstantin"]
[Black "Kurajica, Bojan"]
[Result "1-0"]
[WhiteElo "2664"]
[BlackElo "2551"]
[Annotator "Mueller,Karsten"]
[PlyCount "59"]
[EventDate "2003.05.30"]
[EventType "swiss"]
[EventRounds "13"]
[EventCountry "TUR"]
[SourceTitle "CBM 096"]
[Source "ChessBase"]
[SourceDate "2003.09.25"]
[SourceVersion "1"]
[SourceVersionDate "2003.09.25"]
[SourceQuality "1"]

1. e4 d5 2. exd5 Qxd5 3. Nc3 Qd6 4. d4 Nf6 5. Nf3 a6 6. g3 g6 7. Bf4 Qd8 8. Ne5
(8. Bg2 Bg7 9. O-O O-O 10. Re1 c6 11. Qd2 (11. Qe2 Re8 $14) 11... Bg4 12. Ne5
$14 {1-0 Asrian,K-Kurajica,B/Istanbul TUR 2003/The Week in Chess 449 (18)})
8... Bg7 9. Bg2 O-O 10. O-O c6 $6 {irgendwie macht das zusammen mit a6 keinen
harmonischen Eindruck. Wenn man noch bedenkt, dass Schwarz auch mit Dd5-d6-d8
Zeit verloren hat, ist klar, dass Weiß besser steht.} (10... Nbd7 $5) 11. Qd2
Be6 12. Rfe1 Nd5 13. Bh6 Bxh6 14. Qxh6 Nxc3 15. bxc3 Bd5 (15... Nd7 $2 16. Nxg6
hxg6 17. Re4 Nf6 18. Rh4 Nh5 19. Bf3 $18) 16. Bxd5 cxd5 17. Re3 e6 18. g4 $1 {
[%mdl 128] es folgt ein sehenswerter Königsangriff von Sakaev:} Qf6 (18... Nd7
19. Rh3 Nf6 20. g5 Nh5 21. Ng4 f5 22. Rxh5 Qc7 23. Nf6+ Rxf6 24. gxf6 gxh5 25.
Kh1 Kh8 26. Rg1 Rg8 27. Rg7 Rxg7 28. fxg7+ $16) 19. g5 Qg7 20. Qh4 f6 $2 (20...
b5 21. a4 bxa4 22. c4 dxc4 23. Rxa4 Ra7 24. c3 $16) 21. Ng4 fxg5 22. Qxg5 Nc6
23. Rxe6 Rad8 24. Rae1 Kh8 25. R1e3 Qf7 26. Rf6 Qg7 (26... Qd7 27. Ref3 $18)
27. Rxf8+ Qxf8 (27... Rxf8 28. Qxd5 h5 29. Ne5 $18) 28. Nf6 Qg7 29. Rh3 h5 30.
Kf1 (30. Kf1 Rf8 31. Rxh5+ gxh5 32. Qxh5+ Qh6 33. Qxh6#) (30. Nxh5 $2 gxh5 $17
{[%cal Gg7g1]}) 1-0

[Event "EU-ch 4th"]
[Site "Istanbul"]
[Date "2003.06.08"]
[Round "9"]
[White "Asrian, Karen"]
[Black "Kurajica, Bojan"]
[Result "1-0"]
[WhiteElo "2596"]
[BlackElo "2551"]
[Annotator "Mueller,Karsten"]
[PlyCount "36"]
[EventDate "2003.05.30"]
[EventType "swiss"]
[EventRounds "13"]
[EventCountry "TUR"]
[SourceTitle "CBM 096"]
[Source "ChessBase"]
[SourceDate "2003.09.25"]
[SourceVersion "1"]
[SourceVersionDate "2003.09.25"]
[SourceQuality "1"]

1. e4 d5 2. exd5 Qxd5 3. Nc3 Qd6 4. d4 Nf6 5. Nf3 a6 6. g3 g6 7. Bg2 (7. Bf4
Qd8 8. Ne5 Bg7 9. Bg2 O-O 10. O-O c6 (10... Nbd7 $5) 11. Qd2 Be6 12. Rfe1 Nd5
13. Bh6 Bxh6 14. Qxh6 Nxc3 15. bxc3 Bd5 (15... Nd7 $2 16. Nxg6 hxg6 17. Re4 Nf6
18. Rh4 Nh5 19. Bf3 $18) 16. Bxd5 cxd5 17. Re3 e6 18. g4 $40 {1-0 Sakaev,
K-Kurajica,B/Istanbul TUR 2003/The Week in Chess 449 (30)}) 7... Bg7 8. O-O O-O
9. Bf4 (9. Re1 Nc6 $6 (9... c6 10. Bf4 Qd8 11. Qe2 Re8 $14) 10. Bf4 Qd8 11. d5
Nb4 12. Ne5 e6 13. dxe6 Bxe6 14. Bxb7 Rb8 15. Bf3 $14 {/+/- 1-0 Nevednichy,
V-Kurajica,B/Ljubljana 1999/EXT 2000 (28)}) 9... Qd8 10. Qd2 c6 11. Rfe1 Bg4 (
11... Bf5 $5) 12. Ne5 Be6 13. Rad1 Nbd7 14. Qc1 Nb6 (14... Nd5 $5 15. Nxd5 Bxd5
16. Bh3 Nxe5 17. dxe5 b5 {kam auch in Betracht.}) 15. Bh6 Qc8 16. Bxg7 Kxg7 17.
Ne4 Bh3 18. Nc5 Bg4 $2 {[%mdl 8192]} (18... Bg4 $2 19. Nxg4 Qxg4 20. Rxe7 $18 {
[%cal Gc5e6,Gc5b7]}) (18... Bxg2 19. Kxg2 Qc7 $14) 1-0

[Event "Hoogovens-B"]
[Site "Wijk aan Zee"]
[Date "1998.01.28"]
[Round "8"]
[White "Van der Wiel, John"]
[Black "Reinderman, Dimitri"]
[Result "0-1"]
[WhiteElo "2525"]
[BlackElo "2480"]
[Annotator "Mueller,Karsten"]
[PlyCount "64"]
[EventDate "1998.01.20"]
[EventType "tourn"]
[EventRounds "11"]
[EventCountry "NED"]
[EventCategory "10"]
[SourceTitle "CBM 063"]
[Source "ChessBase"]
[SourceDate "1998.03.26"]
[SourceVersion "1"]
[SourceVersionDate "1998.03.26"]
[SourceQuality "1"]

1. e4 d5 2. exd5 Qxd5 3. d4 e5 4. Nf3 Nc6 5. Nc3 Bb4 6. Bd2 Bxc3 7. Bxc3 e4 8.
Nd2 (8. Ne5 Nxe5 9. dxe5 Ne7 10. Qxd5 (10. Qe2 Bf5 11. Rd1 Qc6 12. Qb5 {
1/2-1/2 Heyken,E-Plesse,H/BL2-N 1982/BIG 80}) 10... Nxd5 11. Ba5 (11. Bd2 Bf5
12. O-O-O O-O 13. Re1 Rfe8 14. f4 exf3 15. gxf3 $11 {Pazos,P-Granda Zuniga,J/
Erevan olm 1996/EXT 96ch2/1/2-1/2 (85)}) 11... b6 12. O-O-O Bb7 13. Bd2 O-O-O
14. Be2 h6 15. Rhe1 Rhe8 16. c4 Ne7 17. Bh5 Rf8 18. b3 $14 {1-0 Kishnev,
S-O'Donnell,T/Budapest Cansys 1991/EXP 23 (36)}) 8... Nf6 9. Nc4 Be6 (9... Bg4
10. Qd2 O-O-O 11. Ne3 Qg5 12. h3 Be6 13. O-O-O Rd6 14. Bc4 $14 {1-0
Zhukhovitsky,S-Baile/URS-ch sf Tbilisi 1957/MCD-ch (29)}) 10. Qd2 O-O 11. b3
Rfd8 12. O-O-O Qh5 13. Be2 Qg6 14. Ne3 a5 (14... Nxd4 $6 15. Bxd4 c5 16. Qc3
cxd4 17. Rxd4 $14) 15. f4 Nd5 16. Nxd5 Bxd5 17. Qe3 a4 18. Bb2 axb3 19. axb3
Nb4 (19... Ne7 $6 20. g4 Ra2 21. c4 Bc6 22. d5 $16) 20. c4 Ra2 $5 {ein sehr
mutiger, konsequenter Zug} 21. cxd5 (21. Qd2 $5) 21... Rda8 22. f5 Qxf5 23.
Rhf1 Qg6 (23... Nxd5 24. Qg3 Qd7 25. Bc4 b5 26. Bxd5 Qxd5 $13) 24. Bc4 Ra1+ $1
$11 25. Bxa1 $2 (25. Kd2 $1 R1a2 (25... Qxg2+ $2 26. Rf2 Rxd1+ 27. Kxd1 Qg1+
28. Qe1 $16) 26. Kc1 $11 ({nach} 26. Rb1 $2 {wird der Angriff sehr gefährlich,
z.B.} b5 27. Bxb5 Nxd5 28. Qg3 Qb6 29. Bc4 Qxd4+ 30. Kc1 Rxb2 31. Rxb2 Ra1+ 32.
Rb1 Ra2 33. Qe1 Ne3 $19)) 25... Rxa1+ $19 26. Kb2 Ra2+ 27. Kc1 (27. Kb1 Qxg2
$19) 27... Rc2+ 28. Kb1 Qxg2 29. Be2 Rxe2 30. Qc3 Rc2 31. Qa1 Ra2 32. Qc3 Ra1+
0-1

[Event "Excelsior Cup"]
[Site "Gothenburg"]
[Date "1998.01.09"]
[Round "3"]
[White "Gavrikov, Viktor"]
[Black "Svensson, Bengt"]
[Result "1/2-1/2"]
[WhiteElo "2555"]
[BlackElo "2390"]
[Annotator "Mueller,Karsten"]
[PlyCount "61"]
[EventDate "1998.01.07"]
[EventType "tourn"]
[EventRounds "9"]
[EventCountry "SWE"]
[EventCategory "9"]
[SourceTitle "CBM 063"]
[Source "ChessBase"]
[SourceDate "1998.03.26"]
[SourceVersion "1"]
[SourceVersionDate "1998.03.26"]
[SourceQuality "1"]

1. e4 d5 2. exd5 Nf6 3. Nf3 Nxd5 4. d4 g6 5. Be2 Bg7 6. O-O O-O 7. Re1 c5 8.
dxc5 Na6 9. c6 $6 $146 (9. Bc4 Be6 10. Ng5 Nxc5 11. c3 $14 {Watson,
W-Thorhallsson,T/Reykjavik 1989/CBM 13/1/2-1/2 (101)}) (9. Bxa6 $5 bxa6 10.
Nbd2 $1 (10. c3 $6 Bb7 11. Nd4 Qc7 12. c6 Bc8 13. Qf3 Rd8 14. Nd2 e5 15. Nc2
Qxc6 16. c4 Ne7 17. Qxc6 Nxc6 $17 {0-1 Lobron,E-Stefansson,H/Moscow GMA-op
1989/TD 89\02 (32)}) 10... Qc7 11. Nb3 Bb7 12. Rb1 e5 (12... Rad8 13. Qe2 a5
14. Qb5 Nb4 15. Qxa5 Qxa5 16. Nxa5 Bxf3 17. gxf3 Nxc2 18. Rf1 Nd4 19. Kg2 Rd5
20. b4 $16 {Vehi Bach,V-Comas Fabrego,L/Platja d'Aro Barcino 1994/Inf 62}) 13.
Bd2 Rae8 14. c4 Ne7 15. Ba5 Qb8 16. Bc3 Nc6 17. Nbd2 f5 18. b4 Nd4 (18... e4
19. Bxg7 Kxg7 20. b5 $16 {(John Emms in "The Scandinavian")}) 19. b5 $16 {
1-0 Campora,D-Maljutin,E/Candas op 1992/TD 92\09 (36)}) 9... bxc6 10. Na3 Nc5
$15 {die zentral postierten Springer sowie der Druck gegen b2 kompensieren die
geschwächte Bauernstruktur am Damenflügel vollauf.} 11. Nc4 Qc7 12. Bd2 a5 13.
Qc1 Re8 14. Bh6 Bh8 15. Nfd2 a4 16. Bf1 Bf5 17. a3 Rab8 18. f3 Nd7 19. Kh1 Ne5
20. Rb1 Nxc4 21. Nxc4 Bf6 22. Bd2 Ra8 23. g4 Be6 24. Bd3 c5 25. Be4 Ra6 26. Ne3
Rd8 27. Nxd5 Bxd5 28. Bg5 Re6 29. Bxd5 Rxe1+ 30. Qxe1 Bxg5 31. Rd1 1/2-1/2

[Event "Villa Martelli"]
[Site "Villa Martelli"]
[Date "1997.06.09"]
[Round "9"]
[White "Tkachiev, Vladislav"]
[Black "Ricardi, Pablo"]
[Result "1/2-1/2"]
[WhiteElo "2630"]
[BlackElo "2575"]
[Annotator "Mueller,Karsten"]
[PlyCount "128"]
[EventDate "1997.06.01"]
[EventType "tourn"]
[EventRounds "11"]
[EventCountry "ARG"]
[EventCategory "13"]
[SourceTitle "CBM 060"]
[Source "ChessBase"]
[SourceDate "1997.09.29"]
[SourceVersion "1"]
[SourceVersionDate "1997.09.29"]
[SourceQuality "1"]

1. e4 d5 2. exd5 Qxd5 3. Nc3 Qa5 4. d4 Nf6 5. Bd2 c6 6. Bc4 Bf5 7. Nf3 e6 8.
Ne4 Qc7 9. Nxf6+ gxf6 10. Qe2 Nd7 (10... Bxc2 $5 11. O-O Bg6 12. d5 cxd5 13.
Bxd5 Nc6 $13 {(Nunn)}) 11. O-O-O O-O-O 12. Nh4 Bg6 13. Bb3 c5 $1 {(Wahls,
siehe CBM 57)} (13... Bd6 14. g3 $1 Rhe8 15. Rhe1 f5 $2 16. Ng2 Kb8 $2 17. Bf4
f6 18. Bxe6 $1 $18 {1-0 Nunn,J-Conquest,S/Hastings9697 1996/CBM 57/[Wahls] (31)
}) 14. d5 Nb6 15. Nxg6 $1 (15. dxe6 $2 c4 $17) (15. Ba5 $2 Qf4+ 16. Kb1 Qxh4
17. Bxb6 axb6 18. dxe6 Bg7 $17) 15... hxg6 16. Ba5 exd5 (16... e5 17. c4 Bd6
18. h4 (18. Bc2 Rh4) 18... f5 {"und Schwarz kann mit dem Erreichten zufrieden
sein." Main line 8.Se4/ Survey 1997/CBM 57/[Wahls]}) 17. Bxd5 $14 f5 18. Qf3
Bg7 19. c3 Rd7 20. Bxb6 Qxb6 21. Bc4 Rhd8 22. Rxd7 Rxd7 23. Rd1 Rxd1+ 24. Qxd1
Qc7 25. g3 Qe7 26. Qd5 Bh6+ (26... Qe1+ $2 27. Kc2 Qxf2+ 28. Kb3 Bh6 29. Qxf7
Bc1 {[%tqu "De","Muß sich Weiß nun mit Remis begnügen?","es sind noch Damen
auf dem Brett...","der schwarze König ist sehr offen, welches ist die
einfachste Möglichkeit, ihm zu Leibe zu rücken?","c4e6","Nein, er kann
forciert matt setzen:",5]} 30. Be6+ Kb8 31. Qe8+ Kc7 32. Qd7+ Kb6 33. Qd6+ Ka5
34. Qc7+ Ka6 35. Bc4+ b5 36. Qc6+ Ka5 37. Qxb5#) 27. Kc2 Kc7 28. Qxf7 Qxf7 29.
Bxf7 g5 {die ungleichfarbigen Läufer deuten zwar auf ein Remis hin, aber so
ganz einfach ist es nicht:} 30. Be6 f4 31. gxf4 gxf4 32. Kd3 Kd6 33. Bc8 b5 34.
Ke4 c4 35. h4 (35. f3 $5) 35... f3 36. Ba6 Kc5 37. Kxf3 Bc1 38. b3 Bd2 39. bxc4
bxc4 40. h5 Bxc3 41. Ke4 Bg7 42. f4 c3 43. Bd3 Kd6 44. a4 Ke6 45. a5 Bh6 46.
Bc4+ Kf6 47. Bb3 Bf8 48. a6 Bh6 49. Bc2 Ke6 50. f5+ Kd6 51. Bb3 Bg7 52. Bd1 Bh6
53. Bc2 Bg7 54. Bb3 Ke7 55. Kd5 Kf6 56. Bc2 Bh6 57. Kd4 (57. Kc6 Be3 58. Kb7
Kg5 $11) 57... Bg7 58. Kd5 Bh6 59. Bb1 Bg7 60. Kd6 Bh6 61. Kc5 Bg7 62. Kd5 Bh6
63. Kc4 Kg5 64. Kxc3 Bg7+ 1/2-1/2

[Event "Capablanca Memorial Elite 37th"]
[Site "Havana"]
[Date "2002.05.06"]
[Round "1"]
[White "Dominguez Perez, Leinier"]
[Black "Kogan, Artur"]
[Result "1/2-1/2"]
[WhiteElo "2601"]
[BlackElo "2540"]
[Annotator "Mueller,Karsten"]
[PlyCount "59"]
[EventDate "2002.05.06"]
[EventType "tourn"]
[EventRounds "9"]
[EventCountry "CUB"]
[EventCategory "13"]
[SourceTitle "CBM 089"]
[Source "ChessBase"]
[SourceDate "2002.08.12"]
[SourceVersion "1"]
[SourceVersionDate "2002.08.12"]
[SourceQuality "1"]

1. e4 d5 2. exd5 Qxd5 3. Nf3 Bg4 4. Be2 Nc6 5. d4 O-O-O 6. Be3 $5 Nh6 (6... Nf6
{See CBM 59-3.Sf3 Lg4 4.Le2 5.d4 000 6Be3/Opening 1997/CBM 59/[Wahls] (29)}) 7.
c4 Qa5+ 8. Nc3 (8. Bd2 Qb6 $2 (8... Qf5 $142 9. d5 Bxf3 10. Bxf3 Ne5 11. Bxh6
gxh6 $132) 9. c5 $18 Qxb2 10. Bc3 Qxa1 (10... Nxd4 11. Bxb2 Nxf3+ 12. Bxf3
Rxd1+ 13. Bxd1 $18) 11. Bxa1 Nf5 12. Qb3 e6 13. O-O Be7 14. Nbd2 Nfxd4 15. Bxd4
Nxd4 16. Nxd4 Bxe2 17. c6 {1-0 Gonzalez,Y-Perez,R/Havana CUB 2002/The Week in
Chess 392 (17).}) 8... Nf5 9. d5 Nxe3 (9... Bxf3 $5 10. Bxf3 Nxe3 11. fxe3 Ne5
{kam auch stark in Betracht.}) 10. fxe3 e6 11. Ng5 Bxe2 12. Qxe2 Ne5 13. O-O
Bb4 $6 (13... exd5 $5 14. Nxf7 Nxf7 15. Rxf7 dxc4 16. Qxc4 Qe5 $132) 14. Nxf7 (
14. dxe6 fxe6 15. Nxe6 Rd6 16. Nxg7 Bxc3 17. bxc3 Qxc3 18. Nf5 Rd2 19. Qh5 Kb8
$132) (14. Nb5 $5 {kam stark in Betracht und bedarf näherer Prüfung, z.B.} exd5
15. Nxf7 Nxc4 (15... Nxf7 $6 16. Rxf7 dxc4 17. Qxc4 $16) 16. Nxh8 Rxh8 17. Qg4+
Kb8 18. Qxg7) 14... Nxf7 15. Rxf7 Bxc3 $11 16. bxc3 Qxc3 17. Rd1 exd5 18. cxd5
Rhe8 19. e4 Kb8 20. Kh1 Qe5 21. Qc4 Re7 22. Rxe7 Qxe7 23. Qd4 Re8 24. Re1 Qe5
25. Qf2 a6 26. h3 h5 27. Qf7 Re7 28. Qf8+ Re8 29. Qf7 Re7 30. Qf8+ 1/2-1/2

[Event "Kharkov Rector Cup 4th"]
[Site "Kharkov"]
[Date "2002.03.27"]
[Round "7"]
[White "Kovchan, Alexander"]
[Black "Kobalia, Mihail"]
[Result "1-0"]
[WhiteElo "2507"]
[BlackElo "2620"]
[Annotator "Mueller,Karsten"]
[PlyCount "109"]
[EventDate "2002.03.22"]
[EventType "tourn"]
[EventRounds "10"]
[EventCountry "UKR"]
[EventCategory "13"]
[SourceTitle "CBM 089"]
[Source "ChessBase"]
[SourceDate "2002.08.12"]
[SourceVersion "1"]
[SourceVersionDate "2002.08.12"]
[SourceQuality "1"]

1. e4 d5 2. exd5 Qxd5 3. Nc3 Qa5 4. g3 $5 Nf6 5. Bg2 c6 (5... g6 {ist eine
interessante Alternative.}) 6. Nge2 Bf5 7. b4 $5 {Beginn eines interessanten
Planes, der es Schwarz nicht leicht macht, vollen Ausgleich zu erreichen.} Qc7
(7... Qxb4 $6 8. Rb1 Qa5 9. Rxb7 $14) 8. O-O (8. Rb1 Nbd7 9. O-O e6 10. d3 Be7
(10... a6 $5) 11. h3 h6 $6 12. Bf4 e5 13. Bd2 Bd6 14. f4 exf4 15. Bxf4 Bh7 16.
b5 Bxf4 17. Nxf4 $14 {1-0 Payen,A-Kholmov,R/St. Petersburg 1998/CBM 67 ext (38)
}) 8... e6 (8... a6 9. d3 e6 10. a3 (10. Rb1 {mit dem Plan a4, b5 ist die
Alternative.}) 10... Bd6 11. Ne4 Bxe4 12. dxe4 O-O 13. f4 e5 14. Kh1 Nbd7 $11 {
1/2-1/2 Murey,J-Vovsha,E/Tel Aviv ISR 1999 (39)}) 9. Rb1 (9. b5 $6 {zu früh,
da nun gut} a6 $1 {erfolgen kann.} 10. bxc6 Nxc6 11. a4 Be7 12. Ba3 Bxa3 13.
Rxa3 O-O 14. Rb3 Rfd8 $11 {1/2-1/2 Cieza Vega,A-Habermann,J/2.BLS 9899 München
36-Sindelfingen 1998/BL2 (84)}) 9... Be7 (9... Bd6 10. b5 O-O 11. d3 a6 12. a4
(12. b6 $5) 12... Nbd7 $6 (12... axb5 $142 13. axb5 Nbd7 14. bxc6 bxc6 $14 {
mit der Idee} 15. Nd4 Bg4 16. Qe1 Nd5 17. Ne4 Be5 18. Nf3 Bxf3 19. Bxf3 c5) 13.
bxc6 bxc6 14. Nd4 Be5 $2 15. Nxf5 $16 {1-0 Khalifa,K-Yahya,M/Dubai UAE 2000/
The Week in Chess 295 (25). (24)}) 10. d3 O-O 11. h3 Nd5 12. b5 Nxc3 13. Nxc3
cxb5 14. Nxb5 $14 {Weiß hat sein Ziel erreicht und b7 als Angriffsziel
offengelegt (dort treffen sich die Wirkungslinien des Turmes b1 und des
Läufers g2).} Qd7 $1 15. Be3 (15. g4 $5 Bg6 16. Nc7 Qxc7 17. Rxb7 Qc8 18. Rxe7
(18. Bf4 $2 Nd7 19. Rc7 Qd8 20. Bxa8 e5) 18... Nc6 $14) 15... Nc6 16. Nd4 $5 {
stellt Schwarz vor Probleme, welche dieser allerdings mit Bravour löst.} (16.
Nxa7 Nb4 17. a3 Nd5 18. Nb5 Ra5 19. Nd4 Bg6 $11) 16... Nxd4 17. Rxb7 Qd8 18.
Bxd4 Qxd4 19. Rxe7 Rac8 20. Rb7 Rc3 $1 {[%mdl 32] Die folgende schwarze
Blockadestrategie ist sehr instruktiv. Er richtet alle seine Kräfte auf die
Hemmung und Belagerung der weißen c- und d-Bauern, so dass Weiß nicht recht
voran kommen kann.} 21. Qd2 h6 22. Rfb1 Qc5 23. R1b2 Rc8 24. d4 (24. g4 Bg6 25.
Rb8 Rxb8 26. Rxb8+ Kh7 27. Rb2 Qd4 28. Rb3 Rc5 {und es ist nach wie vor schwer
zu sehen, wie die schwarze Blockade durchbrochen werden soll.}) 24... Qd6 25.
Rxa7 Rxc2 26. Rxc2 (26. Qb4 Qxb4 27. Rxb4 Rd2 $11) 26... Rxc2 27. Qe3 Qb6 28.
Ra8+ $6 (28. d5 $6 Qxe3 29. fxe3 Rc1+ 30. Kh2 Rc2 $11) (28. Rb7 {kam stark in
Betracht. Es ist allerdings auch in diesem Fall nicht recht zu sehen, wie Weiß
seinen Mehrbauern verwerten kann, z.B.} Qd6 (28... Qa6 $5) 29. a3 Ra2 30. Rb4
Kh7 $14) 28... Kh7 29. g4 Bg6 30. h4 (30. Be4 Rc4 31. Bxg6+ fxg6 32. Re8 Qc6
33. Rxe6 Rc1+ 34. Kh2 Qh1+ 35. Kg3 Qg1+ 36. Kf4 Rf1 $11) 30... Rxa2 $1 31. h5
Bc2 32. Rc8 (32. Be4+ f5 $1 33. Rxa2 Qb1+ 34. Kh2 Bxe4 $11) (32. Rxa2 Qb1+ 33.
Kh2 Qxa2 34. Qf4 $14) 32... Ra1+ 33. Kh2 Qd6+ 34. Qe5 Qxe5+ 35. dxe5 Bd1 36.
Be4+ g6 37. Kg3 Ra5 38. f4 (38. hxg6+ fxg6 39. Rc7+ Kg8 40. Bxg6 Rxe5 $14)
38... Ra3+ 39. Kh4 Ra4 $1 {Dieser Gegenangriff sollte zum Remis führen.} 40.
hxg6+ fxg6 41. Rc7+ Kg8 42. Bxg6 Rxf4 43. Kh5 Bxg4+ 44. Kxh6 Bh3 45. Rc8+ Rf8
46. Bh7+ Kf7 47. Rc3 Bf5 $2 ({Mit} 47... Bg2 {sollte Schwarz remis halten
können.}) 48. Rc7+ $18 Ke8 49. Kg7 $1 {Die Pointe.} Bxh7 (49... Kd8 50. Kxf8
Kxc7 51. Bxf5 exf5 52. e6 $18) 50. Rc8+ Ke7 51. Rxf8 Bf5 52. Rf7+ Kd8 53. Kf6
Ke8 54. Re7+ {Die folgende Abwicklung in ein gewonnenes Bauernendspiel ist ein
typisches Gewinnverfahren.} Kf8 55. Rxe6 (55. Rxe6 Bxe6 56. Kxe6 Ke8 57. Kd6
Kd8 58. e6 Ke8 59. e7 Kf7 60. Kd7 $18) 1-0

[Event "ESP-chA"]
[Site "Ayamonte"]
[Date "2002.10.06"]
[Round "3"]
[White "Shirov, Alexei"]
[Black "Romero Holmes, Alfonso"]
[Result "1-0"]
[WhiteElo "2699"]
[BlackElo "2524"]
[Annotator "Mueller,Karsten"]
[PlyCount "69"]
[EventDate "2002.10.04"]
[EventType "tourn"]
[EventRounds "5"]
[EventCountry "ESP"]
[EventCategory "11"]
[SourceTitle "CBM 092"]
[Source "ChessBase"]
[SourceDate "2003.02.06"]
[SourceVersion "1"]
[SourceVersionDate "2003.02.06"]
[SourceQuality "1"]

1. e4 d5 2. exd5 Qxd5 3. Nc3 Qd6 4. Nf3 Nf6 5. d4 a6 6. Bd3 Nc6 7. O-O Bg4 8.
h3 Bh5 9. Ne4 Nxe4 10. Bxe4 e6 11. c3 f6 $6 (11... Be7 12. Qb3 Rb8 13. Re1 Bxf3
14. Bxf3 O-O 15. g3 $14 {0-1 Hadzimanolis,A-Halkias,S/Patras GRE 2001/The Week
in Chess 351 (47). (47)}) (11... Bg6 $5) 12. Qb3 $14 O-O-O 13. Re1 Bf7 14. c4 (
14. Qc4 $5) 14... g5 $2 (14... Qb4 $1 15. Bxc6 bxc6 $14) (14... Nxd4 $2 15.
Qxb7+ Kd7 16. Nxd4 Qxd4 17. Bc6+ Ke7 18. Be3 $18) 15. c5 Qd7 (15... Qe7 $2 16.
Bxc6 bxc6 17. Qa4 Kb7 18. Re3 $18) 16. Bxg5 $3 {[%mdl 704] Alexei Shirov ist
in seinem Element!} Bg7 (16... fxg5 17. Ne5 Qe8 18. Bxc6 bxc6 19. Qa4 Kb7 20.
Re3 Ra8 21. Rb3+ Kc8 22. Qb4 Kd8 23. Qb7 Rc8 24. Nxc6+ Kd7 25. Na7 $18) 17. Bh4
Na5 18. Qc3 Nc6 19. Qb3 Rhe8 (19... Na5 20. Qc2 Nc6 21. Rad1 $16) 20. Rad1 Bg6
21. d5 exd5 (21... Bxe4 22. Rxe4 exd5 23. Rxd5 Rxe4 24. Rxd7 Rxd7 25. Qg8+ Nd8
26. Qxh7 Re2 27. Qb1 $16) 22. Rxd5 Qf7 (22... Bxe4 23. Rxd7 Rxd7 $16) 23. Rxd8+
Nxd8 $6 (23... Rxd8 $5 24. Qxf7 Bxf7 25. a3 $18) 24. Qxf7 Bxf7 (24... Nxf7 $2
25. Bxb7+ $18) 25. Bf5+ Kb8 (25... Ne6 26. Nd4 Kd7 27. g4 $18) 26. Rxe8 Bxe8
27. Bxh7 Ne6 28. b4 a5 29. a3 Bc6 30. Bf5 Nf4 31. Nd4 axb4 32. axb4 Nd5 33. b5
Be8 34. Bg3 Bf8 35. Ne6 (35. Ne6 Bd7 36. Nxc7 Bxf5 37. Nxd5+ Ka7 38. Bd6 $18)
1-0